000 nam a22 7a 4500
999 _c127975
_d127975
008 180425b xxu||||| |||| 00| 0 eng d
050 _aBX3747.M65.G6 1990
100 _aFrancisco Augusto da Cruz Correia, S.J.
_941629
245 _aO Metodo missionario dos jesuitas em Mozambique de 1881 A 1910:
_bum contributo para a historia da missao da Zambezia
_c/by Francisco Augusto da Cruz Correia, S. J.
260 _aRoma:
_bPontificia Universitas Gregoriana,
_c1990
300 _a113p.;
_c24cm.
650 _aJesuits in Mozambique
_xHistory
_941630
650 _aMissions, theory
_921272
942 _2lcc
_cMONOGRAPH